NLSUI OPAC header image

Project induced displacement and role of nhrc : a study (Record no. 216895)

MARC details
000 -LEADER
fixed length control field 00671nam a2200145Ia 4500
005 - DATE AND TIME OF LATEST TRANSACTION
control field 20260209120127.0
008 - FIXED-LENGTH DATA ELEMENTS--GENERAL INFORMATION
fixed length control field 260209s9999||||xx |||||||||||||| ||und||
100 ## - MAIN ENTRY--PERSONAL NAME
Personal name Suchitra Hrangkhawl
245 #0 - TITLE STATEMENT
Title Project induced displacement and role of nhrc : a study
260 ## - PUBLICATION, DISTRIBUTION, ETC.
Place of publication, distribution, etc. BangaloreBangalore
Name of publisher, distributor, etc. NLSIU
Date of publication, distribution, etc. 2009
300 ## - PHYSICAL DESCRIPTION
Extent 146 p. ; 25 cm.
650 ## - SUBJECT ADDED ENTRY--TOPICAL TERM
Topical term or geographic name entry element Internally Displaced Persons - International Protection Internally Displaced Persons - Protection - India Internally Displaced Persons - Protection - National Human Rights Commission
700 ## - ADDED ENTRY--PERSONAL NAME
Personal name Prof. (Dr.) V Vijayakumar - GuideProf. (Dr.) V Vijayakumar - Guide
856 ## - ELECTRONIC LOCATION AND ACCESS
Uniform Resource Identifier <a href="https://dans.nls.ac.in/handle/123456789/2015">https://dans.nls.ac.in/handle/123456789/2015</a>
Holdings
Withdrawn status Lost status Damaged status Not for loan Home library Current library Date acquired Total Checkouts Barcode Date last seen Price effective from Koha item type
        . . 09.02.2026   LLM260 09.02.2026 09.02.2026 Dissertation